Loading...

Adjustment In Old Age- Ma Diss

Bibliographic Details
Main Author: Leena Thampi
Format: Dissertation
Language:Undetermined
Published: Trivandrum: Department Of Sociology, 1993
Subjects:
LEADER 00524nam a2200157Ia 4500
008 200110s9999||||xx |||||||||||||| ||und||
080 |a 362.2  |b LEE-A 
100 |a Leena Thampi  
245 0 |a Adjustment In Old Age- Ma Diss 
260 |a Trivandrum:  |b Department Of Sociology,   |c 1993 
300 |a 108 p.  |f HB 
500 |a General 
650 |a Adjustment In Old Age- Ma Diss  
942 |c DISS 
999 |c 258223  |d 258223 
952 |0 0  |1 0  |4 0  |6 362_200000000000000_LEEA  |7 0  |9 274147  |a SOC  |b SOC  |l 0  |o 362.2 LEE-A  |p SOCD150  |r 2020-01-14  |w 2020-01-14  |y DISS